| 000 | 01119nam a2200277 i 4500 | ||
|---|---|---|---|
| 003 | EG-ScBUE | ||
| 005 | 20231210112754.0 | ||
| 008 | 100628s1989 ua af 000 0 ara d | ||
| 040 |
_aEG-ScBUE _bara _erda _cEG-ScBUE _dEG-ScBUE |
||
| 041 | 1 |
_aara _hund |
|
| 082 | 0 | 4 |
_222 _a303.625 _bط ا هـ |
| 100 | 1 |
_915379 _aطاهري، أمير، _d1942- _eمؤلف. |
|
| 245 | 1 | 2 |
_aالإرهاب المقدس / _cأمير الطاهري ؛ تعريب وتقديم د. عبد الله سرور |
| 264 | 1 |
_aالقاهرة : _bالمكتب العربي للمعارف، _c[1989] |
|
| 300 |
_a268 صفحة ؛ _c24 سم |
||
| 336 |
_2rdacontent _aنص _btxt |
||
| 337 |
_aبدون وسيط _2rdamedia _bn |
||
| 338 |
_aمجلد _bnc _2rdacarrier |
||
| 541 |
_aعلاء عبد الغني ؛ _cإهداء ؛ |
||
| 546 | _aالنص مترجم إلى اللغة العربية. | ||
| 650 | 7 |
_aالإرهاب _zالدول العربية. _2BUEsh |
|
| 650 | 7 |
_aالإرهاب _zإسرائيل. _2BUEsh |
|
| 655 | _vReading book | ||
| 700 | 1 |
_915383 _aسرور، عبد الله، _eمترجم، _eمقدم. |
|
| 942 |
_2ddc _cBB |
||
| 999 |
_c14265 _d14265 |
||